Biblioteka Instytutu Północnego w Olsztynie

Widok standardowy Widok MARC

Pozycja Personal Name

Liczba rekordów, w których użyto hasła: 1

001 - Numer kontrolny

  • control field: 39696

003 - Identyfikator numeru kontrolnego

  • control field: NUKAT

005 - Data i czas ostatniej modyfikacji

  • control field: 20260408195631.0

008 - Dane kontrolne kodowane (40 znaków)

  • fixed length control field: 940115n||a|znnaabn |a aaa |c

010 ## - Numer kontrolny Biblioteki Kongresu

  • numer kontrolny LC: n 94200961

024 7# - OTHER STANDARD IDENTIFIER

  • Standard number or code: 22151522
  • Source of number or code: viaf

024 7# - OTHER STANDARD IDENTIFIER

  • Standard number or code: 0000000081006084
  • Source of number or code: isni

024 7# - OTHER STANDARD IDENTIFIER

  • Standard number or code: Q118236
  • Source of number or code: wikidata

040 ## - Instytucja sporządzająca rekord

  • inst. przygot. dane do rek. khw: KR U/LS
  • język haseł przedmiotowych/tezaurus: kaba
  • inst. wprow. rek. khw: KR U/HW
  • inst. modyf. rek. khw: GD U/UL
  • inst. modyf. rek. khw: WA U/JC
  • inst. modyf. rek. khw: WA U/mg
  • inst. modyf. rek. khw: WA U/mg
  • inst. modyf. rek. khw: LUBL M/mm
  • inst. modyf. rek. khw: WA U/76ACHs
  • inst. modyf. rek. khw: LUBL M/JD
  • inst. modyf. rek. khw: TOR U/PA
  • inst. modyf. rek. khw: TOR U/PA
  • inst. modyf. rek. khw: KR U/BB
  • inst. modyf. rek. khw: WA 004/ZW

100 1# - Hasło - nazwa osobowa

  • nazwa osobowa w formie ujednoliconej: Zdziechowski, Marian
  • daty biograficzne: (1861-1938).

400 1# - Trop zob. - nazwa osobowa

  • nazwa osobowa (nazwisko, imiona): Zdziechowski, Marjan.

400 1# - Trop zob. - nazwa osobowa

  • nazwa osobowa (nazwisko, imiona): Zdziechowski, M.

400 1# - Trop zob. - nazwa osobowa

  • nazwa osobowa (nazwisko, imiona): Ursyn, M.

400 1# - Trop zob. - nazwa osobowa

  • nazwa osobowa (nazwisko, imiona): Ursin, M.

400 1# - Trop zob. - nazwa osobowa

  • nazwa osobowa (nazwisko, imiona): Zdziechowski, Maryan.

400 1# - Trop zob. - nazwa osobowa

  • nazwa osobowa (nazwisko, imiona): Zdzěhovskij, M.

400 1# - Trop zob. - nazwa osobowa

  • nazwa osobowa (nazwisko, imiona): Zdzěhovskij, Marian'.

400 1# - Trop zob. - nazwa osobowa

  • nazwa osobowa (nazwisko, imiona): Karowski, Władysław.

400 1# - Trop zob. - nazwa osobowa

  • nazwa osobowa (nazwisko, imiona): Zdziechowski, Maryjan.

400 1# - Trop zob. - nazwa osobowa

  • nazwa osobowa (nazwisko, imiona): Zdziechowski.

670 ## - Źródło informacji

  • źródło informacji: PB

670 ## - Źródło informacji

  • źródło informacji: FP

670 ## - Źródło informacji

  • źródło informacji: Widmo przyszłości / Marjan Zdziechowski. - Lausanne, 1983.

670 ## - Źródło informacji

  • źródło informacji: BNF-NA

670 ## - Źródło informacji

  • źródło informacji: Półksiężyc i gwiazda czerwona : wybór pism Leona Kozłowskiego. - Wilno, 1930.
  • gdzie znaleziono informację: Przedm.

670 ## - Źródło informacji

  • źródło informacji: Kp. Religìozno-političeskìe idealy pol'skago obŝestva / očerk M. Ursina ; s predisl. L. N. Tolstogo. - Lejpcig, 1896.

670 ## - Źródło informacji

  • źródło informacji: Estr XIX. - 1891-

670 ## - Źródło informacji

  • źródło informacji: SPPPol

670 ## - Źródło informacji

  • źródło informacji: Bajronizm niemiecki / Maryan Zdziechowski. - [Kraków, przed 1921].

670 ## - Źródło informacji

  • źródło informacji: Kwestya polska :
  • gdzie znaleziono informację: drugi list otwarty L. F. Pantelewa do prof. M. Zdziechowskiego. - Kraków, 1905.

670 ## - Źródło informacji

  • źródło informacji: Sigizmund Krasinskij / Marian' Zdzěhovskij. - Moskva, 1913.
  • gdzie znaleziono informację: Okł. (prof. Marian' Zdzěhovskij)

670 ## - Źródło informacji

  • źródło informacji: Kp. Etyka polityczna w Rosyi / Władysław Karowski. - Kraków, 1899.

670 ## - Źródło informacji

  • źródło informacji: PseudPP. - 1996

670 ## - Źródło informacji

  • źródło informacji: BJ, 23.02.2018
  • gdzie znaleziono informację: Katalog Podstawowy BJ wyklucza sugestie o związku M. Zdziechowskiego z odbitką pt. Sądy słowiańskie o Polsce i Rosyi
  • adres internetowy: http://pka.bj.uj.edu.pl/PKA/index.php?scr=indeksy&t1=zdziechowski&offset=1&file=3065-0164.jpg#pka_card

670 ## - Źródło informacji

  • źródło informacji: H. Sienkiewicz w listach z podróży po Ameryce i obrazkach amerykańskich / Maryjan Zdziechowski // Ateneum. - 1882, t.2, z.1, s.153-168.

670 ## - Źródło informacji

  • źródło informacji: Pesymizm, romantyzm a podstawy chrześcijaństwa. T. 2 / Zdziechowski. - Warszawa, © 2011.
Biblioteka Instytutu Północnego, ul. Partyzantów 87, 10-402 Olsztyn, email: biblioteka(at)ip.olsztyn.pl